Welcome to WEB OPAC of MRSPTU Central Library

Surveying Volume-1 (Record no. 6919)

MARC details
000 -LEADER
fixed length control field 00425nam a2200169Ia 4500
008 - FIXED-LENGTH DATA ELEMENTS--GENERAL INFORMATION
fixed length control field 230711s9999||||xx |||||||||||||| ||und||
020 ## - INTERNATIONAL STANDARD BOOK NUMBER
International Standard Book Number 978-93-5316-750-9
041 ## - LANGUAGE CODE
Language code of text/sound track or separate title ENG
082 ## - DEWEY DECIMAL CLASSIFICATION NUMBER
Classification number 624
Item number DU-S
100 ## - MAIN ENTRY--PERSONAL NAME
Personal name Duggal,S.K
245 #0 - TITLE STATEMENT
Title Surveying Volume-1
250 ## - EDITION STATEMENT
Edition statement 5th Ed.
260 ## - PUBLICATION, DISTRIBUTION, ETC.
Date of publication, distribution, etc. 2020
Place of publication, distribution, etc. New Delhi
Name of publisher, distributor, etc. McGraw Hill Education(India) Private Limited
300 ## - PHYSICAL DESCRIPTION
Extent 658p.
650 ## - SUBJECT ADDED ENTRY--TOPICAL TERM
Topical term or geographic name entry element Civil Engineering
942 ## - ADDED ENTRY ELEMENTS (KOHA)
Koha item type Book
Holdings
Withdrawn status Lost status Damaged status Not for loan Collection Home library Current library Date acquired Source of acquisition Cost, normal purchase price Inventory number Total checkouts Full call number Barcode Date last seen Price effective from Koha item type Date last checked out
          MRSPTU Central Library MRSPTU Central Library   Technical Bureau India PVT.LTD 699.00 TB46744713   624 DU-S 40861 08/17/2023 08/17/2023 Book  
          MRSPTU Central Library MRSPTU Central Library   Technical Bureau India PVT.LTD 699.00 TB46744713 14 624 DU-S 40862 01/07/2026 08/17/2023 Book 11/26/2025
          MRSPTU Central Library MRSPTU Central Library   Technical Bureau India PVT.LTD 699.00 TB46744713 16 624 DU-S 40863 01/19/2026 08/17/2023 Book 11/08/2025
          MRSPTU Central Library MRSPTU Central Library   Technical Bureau India PVT.LTD 699.00 TB46744713 16 624 DU-S 40864 01/05/2026 08/17/2023 Book 11/26/2025
          MRSPTU Central Library MRSPTU Central Library   Technical Bureau India PVT.LTD 699.00 TB46744713 14 624 DU-S 40865 01/07/2026 08/17/2023 Book 12/16/2025
          MRSPTU Central Library MRSPTU Central Library   Technical Bureau India PVT.LTD 699.00 TB46744713 16 624 DU-S 40866 01/13/2026 08/17/2023 Book 12/02/2025
          MRSPTU Central Library MRSPTU Central Library   Technical Bureau India PVT.LTD 699.00 TB46744713 14 624 DU-S 40867 01/06/2026 08/17/2023 Book 12/26/2025
          MRSPTU Central Library MRSPTU Central Library   Technical Bureau India PVT.LTD 699.00 TB46744713 16 624 DU-S 40868 01/14/2026 08/17/2023 Book 12/23/2025
          MRSPTU Central Library MRSPTU Central Library   Technical Bureau India PVT.LTD 699.00 TB46744713 1 624 DU-S 40869 04/28/2025 08/17/2023 Book 09/15/2023
          MRSPTU Central Library MRSPTU Central Library   Technical Bureau India PVT.LTD 699.00 TB46744713 16 624 DU-S 40870 02/17/2026 08/17/2023 Book 01/19/2026

Website Designed and Developed by MRSPTU Central Library Team

E-mail Id: librarian@mrsptu.ac.in